| 000 | 00834nam a22002417a 4500 | ||
|---|---|---|---|
| 005 | 20100731162352.0 | ||
| 010 | _aENG-97239 | ||
| 020 |
_a9789380096261 _c795.00 |
||
| 035 | _aEN-80772 | ||
| 037 | _bDBAD/PUB | ||
| 082 | _a657.42 | ||
| 245 |
_aCost Accounting / _cedited by K B Bhatia [and] Inderjeet Arora |
||
| 260 |
_aNew Delhi _bAlfa Publications _c2009 |
||
| 270 |
_a4398/5 Ansari Road Daryaganj _bNew Delhi _e110002 |
||
| 300 |
_a299p _c21cm (Hb) |
||
| 500 | _aincludes index | ||
| 650 |
_acost accounting _93672 |
||
| 650 |
_amanagerial accounting _93673 |
||
| 700 |
_aBhatia,K B _93674 |
||
| 700 |
_aArora,Inderjeet _93675 |
||
| 942 |
_2ddc _cEN _h657.42 _mCOS |
||
| 999 |
_c38492 _d38492 |
||